02361nam a2200301Ia 4500001000900000003000500009003000500014005001700019007000300036008004100039010001100080040001800091050002500109082002600134110003300160245008200193250001700275264005900292300005900351500023400410504002800644520116600672650001401838650004201852650001401894650004201908856010901950dia_2058CHAPCHAP20230608130836.0ta220117s1979 wauo fr 001 0 eng d a172596 cCHAPamxchpua10aSB317.L43b.T76 197900a635.65 bT76 19792201 aNational Academy of Sciences10aTropical legumes : bresources for the future /cNational Academy of Sciences a1a edición aWashington, USA :bNational Academy od Sciences,c1979 a331 páginas, 8 páginas de láminasbtablas, fotos aEn portada incluye: " Report of an ad hoc panel of the Advisory Committee on Technology Innovation, Board on Science and Technology for International Development, Commission on International Relations, National Research Council." aIncluye bibliografías2 aThis National Academy of Sciences report describes plants of the family Leguminosae, all of them greatly underexploited. Some are extensively used in one part of the world but unknown elsewhere; others are virtually unknown to science but have particular attributes that suggest they could become major crops in the future; a few are already widespread but their possibilities are not yet fully realized. Most of the plants described in this book have the capacity to provide their own nitrogenous fertilizer through bacteria that live in nodules on their roots; the bacteria chemically convert nitrogen gas from the air into soluble compounds that the plant can absorb and utilize. As a result, legumes generally require no additional nitrogenous fertilizer for average growth. This is advantageous because commercial nitrogenous fertilizers are now extremely expensive for peasant farmers. This report demonstrates how farmers in developing countries, by using leguminous plants, can grow useful crops while avoiding that expense. However, the plants to be discussed here should be seen as complements to, not as substitutes for, conventional tropical crops.17aLegumbres13aHorticultura tropical y subtropical 13aLegumes 13aTropical and subtropical horticulture42uhttps://nap.nationalacademies.org/catalog/19836/tropical-legumes-resources-for-the-futureyDescargar PDF